Statistics for General Knowledge Quiz #229

Click here to take the quiz!

General Stats

  • This quiz has been taken 287 times
    (193 since last reset)
  • The average score is 10 of 20

Answer Stats

QuestionsAnswer% Correct
What is the national animal of Australia?Kangaroo
96%
Which country is known as the "Land of the Rising Sun"?Japan
90%
Who was the first woman to win the Nobel Prize in Chemistry?Marie Curie
87%
What is name of the highest mountain in Africa?Mount Kilimanjaro
75%
What is the national dish of Spain?Paella
72%
What is the collective noun for a group of crows?Murder
68%
What was the name of the spacecraft that landed the first humans on the moon in 1969?Apollo 11
66%
What is the second longest river in the world?Amazon
59%
What is the term for a word that is spelled the same backward as forward?Palindrome
59%
Who composed the famous musical piece "The Four Seasons"?Antonio Vivaldi
55%
What is the large city by population in South America?Sao Paulo
51%
What was the name of the whistle blower who leaked classified documents about government surveillance programs in 2013?Edward Snowden
41%
What is the rarest blood type among humans?AB-Negative
39%
What is the currency of South Africa?South African Rand
37%
Which television series, created by David Chase, is often regarded as one of the greatest of all time and aired its final episode in 2007?The Sopranos
37%
Which two countries are connected by the Suez Canal?
Egypt and Israel
29%
Which country is the largest producer of diamonds in the world?Russia
18%
Who invented the World Wide Web?Tim Berners-Lee
15%
Who wrote the novel "One Hundred Years of Solitude"?Gabriel Garcia Marquez
13%
Who said, "The greatest glory in living lies not in never falling, but in rising every time we fall"?Nelson Mandela
7%

Score Distribution

Percentile by Number Answered

Percent of People with Each Score

Your Score History

You have not taken this quiz since the last reset